<?xml version="1.0" encoding="UTF-8"?>
<record
    xmlns:xsi="http://www.w3.org/2001/XMLSchema-instance"
    xsi:schemaLocation="http://www.loc.gov/MARC21/slim http://www.loc.gov/standards/marcxml/schema/MARC21slim.xsd"
    xmlns="http://www.loc.gov/MARC21/slim">

  <leader>02826nam a2200397 u 4500</leader>
  <controlfield tag="001">940160</controlfield>
  <controlfield tag="005">20260506155601.0</controlfield>
  <controlfield tag="008">050818e20030801                    spa  </controlfield>
  <datafield tag="020" ind1=" " ind2=" ">
    <subfield code="a">8474266610</subfield>
  </datafield>
  <datafield tag="035" ind1=" " ind2=" ">
    <subfield code="a">940160</subfield>
  </datafield>
  <datafield tag="040" ind1=" " ind2=" ">
    <subfield code="c">comduadb</subfield>
  </datafield>
  <datafield tag="041" ind1=" " ind2=" ">
    <subfield code="a">spa</subfield>
  </datafield>
  <datafield tag="080" ind1=" " ind2=" ">
    <subfield code="a">R</subfield>
  </datafield>
  <datafield tag="082" ind1=" " ind2="4">
    <subfield code="a">327</subfield>
  </datafield>
  <datafield tag="100" ind1="1" ind2="0">
    <subfield code="a">Riutort Serra, Bernat</subfield>
    <subfield code="4">edt</subfield>
    <subfield code="e">edt</subfield>
    <subfield code="9">530566</subfield>
  </datafield>
  <datafield tag="245" ind1="1" ind2="0">
    <subfield code="a">Conflictos b&#xE9;licos y nuevo orden mundial</subfield>
  </datafield>
  <datafield tag="260" ind1=" " ind2=" ">
    <subfield code="a">Barcelona :</subfield>
    <subfield code="b">Icaria Editorial,</subfield>
    <subfield code="c">2003.</subfield>
  </datafield>
  <datafield tag="300" ind1=" " ind2=" ">
    <subfield code="a">215 p&#xE1;ginas</subfield>
  </datafield>
  <datafield tag="505" ind1=" " ind2=" ">
    <subfield code="a">CONTENIDO: - Repensar la guerra (legitimidad y legitimaci&#xF3;n de las nuevas formas de violencia b&#xE9;lica) / Pablo R&#xF3;denas Utray - 11 de septiembre. El fundamentalismo en EEUU: mito fundacional y proceso constituyente / Fernando Quesada - El concepto de imperio en la era de la globalizaci&#xF3;n / Rodolfo Calpini - Nuevo orden mundial y conflicto pol&#xED;tico global / Bernat Riutort Serra - Hegemon&#xED;a con quiebras / Carlos Taibo - El creciente desorden regional &#xE1;rabe / Gema Mart&#xED;n M&#xFA;&#xF1;oz - Nuevos retos para la seguridad colectiva / Rosario Huesa Vinaixa.</subfield>
  </datafield>
  <datafield tag="520" ind1="3" ind2=" ">
    <subfield code="a">Tras la segunda guerra de Estados Unidos contra Irak, este libro incide de lleno en la consideraci&#xF3;n de la situaci&#xF3;n y sus m&#xFA;ltiples implicaciones. Diversos intelectuales cr&#xED;ticos y profesores especialistas aportan su an&#xE1;lisis sobre los conflictos b&#xE9;licos y el nuevo orden mundial, con el fin de focalizarlos desde la &#xE9;tica, la filosof&#xED;a pol&#xED;tica, la politolog&#xED;a, la sociolog&#xED;a pol&#xED;tica, la polemolog&#xED;a y el derecho. El resultado est&#xE1; a su disposici&#xF3;n. En definitiva, se trata de aportar reflexiones cr&#xED;ticas importantes en torno a los conflictos b&#xE9;licos y el nuevo orden mundial desde un conjunto de perspectivas que contribuyan a generar desde Espa&#xF1;a una masa cr&#xED;tica en lengua castellana, al tiempo que enriquecen el debate moral y pol&#xED;tico, y revierten en la formaci&#xF3;n de la opini&#xF3;n p&#xFA;blica.</subfield>
  </datafield>
  <datafield tag="650" ind1=" " ind2="7">
    <subfield code="a">Econom&#xED;a internacional</subfield>
    <subfield code="2">embne</subfield>
    <subfield code="9">1784</subfield>
  </datafield>
  <datafield tag="650" ind1=" " ind2="7">
    <subfield code="a">Relaciones internacionales</subfield>
    <subfield code="2">lemb</subfield>
    <subfield code="9">896</subfield>
  </datafield>
  <datafield tag="650" ind1=" " ind2="7">
    <subfield code="a">Conflictos internacionales</subfield>
    <subfield code="2">lemb</subfield>
    <subfield code="9">4875</subfield>
  </datafield>
  <datafield tag="650" ind1=" " ind2="7">
    <subfield code="a">Atentados del 11 de Septiembre, Estados Unidos, 2001</subfield>
    <subfield code="2">embne</subfield>
    <subfield code="9">216743</subfield>
  </datafield>
  <datafield tag="650" ind1=" " ind2=" ">
    <subfield code="a">Guerra de Irak</subfield>
    <subfield code="9">112159</subfield>
  </datafield>
  <datafield tag="650" ind1=" " ind2="7">
    <subfield code="a">Globalizaci&#xF3;n</subfield>
    <subfield code="2">lemb</subfield>
    <subfield code="9">15458</subfield>
  </datafield>
  <datafield tag="650" ind1=" " ind2="7">
    <subfield code="a">Pol&#xED;tica internacional</subfield>
    <subfield code="2">lemb</subfield>
    <subfield code="9">1785</subfield>
  </datafield>
  <datafield tag="650" ind1=" " ind2="7">
    <subfield code="a">Pol&#xED;tica internacional</subfield>
    <subfield code="2">lemb</subfield>
    <subfield code="9">1785</subfield>
  </datafield>
  <datafield tag="700" ind1="1" ind2="0">
    <subfield code="a">Rodenas Utray, Pablo</subfield>
    <subfield code="q">(Jos&#xE9;),</subfield>
    <subfield code="d">1949-</subfield>
    <subfield code="4">aut</subfield>
    <subfield code="0">(isni)0000 0000 6086 2121</subfield>
    <subfield code="0">(viaf)87055948</subfield>
    <subfield code="e">aut</subfield>
  </datafield>
  <datafield tag="700" ind1="1" ind2="0">
    <subfield code="a">Quesada Castro, Fernando</subfield>
    <subfield code="d">1940-</subfield>
    <subfield code="4">aut</subfield>
    <subfield code="0">(isni)0000 0000 5953 4497</subfield>
    <subfield code="0">(viaf)28681892</subfield>
    <subfield code="e">aut</subfield>
    <subfield code="9">314293</subfield>
  </datafield>
  <datafield tag="700" ind1="1" ind2="0">
    <subfield code="a">Taibo Arias, Carlos</subfield>
    <subfield code="4">aut</subfield>
    <subfield code="e">aut</subfield>
    <subfield code="9">286148</subfield>
  </datafield>
  <datafield tag="700" ind1="1" ind2="0">
    <subfield code="a">Martin Mu&#xF1;oz, Gema,</subfield>
    <subfield code="d">1955-</subfield>
    <subfield code="4">aut</subfield>
    <subfield code="0">(isni)0000 0001 1466 608X</subfield>
    <subfield code="0">(viaf)5025309</subfield>
    <subfield code="e">aut</subfield>
  </datafield>
  <datafield tag="700" ind1="1" ind2="0">
    <subfield code="a">Calpini, Rodolfo</subfield>
    <subfield code="4">aut</subfield>
    <subfield code="e">aut</subfield>
    <subfield code="9">406970</subfield>
  </datafield>
  <datafield tag="700" ind1="1" ind2="0">
    <subfield code="a">Huesa Vinaixa, Rosario</subfield>
    <subfield code="4">aut</subfield>
    <subfield code="e">aut</subfield>
    <subfield code="9">406971</subfield>
  </datafield>
  <datafield tag="942" ind1=" " ind2=" ">
    <subfield code="c">BOOK</subfield>
  </datafield>
  <datafield tag="999" ind1=" " ind2=" ">
    <subfield code="c">359963</subfield>
    <subfield code="d">359963</subfield>
  </datafield>
  <datafield tag="952" ind1=" " ind2=" ">
    <subfield code="0">0</subfield>
    <subfield code="1">0</subfield>
    <subfield code="4">0</subfield>
    <subfield code="7">0</subfield>
    <subfield code="8">GENERAL</subfield>
    <subfield code="a">IEP</subfield>
    <subfield code="b">IEP</subfield>
    <subfield code="d">2015-02-09</subfield>
    <subfield code="e">Material adquirido por donaci&#xF3;n</subfield>
    <subfield code="i">C1220744</subfield>
    <subfield code="l">0</subfield>
    <subfield code="o">R02964</subfield>
    <subfield code="p">0961227</subfield>
    <subfield code="r">2023-04-26 00:00:00</subfield>
    <subfield code="t">2</subfield>
    <subfield code="w">2023-04-26</subfield>
    <subfield code="y">BOOK</subfield>
  </datafield>
</record>
